[Event "New Delhi Parsvnath op-C 17th"]
[Site "New Delhi"]
[Date "2019.01.15"]
[Round "7.8"]
[White "Thomas, Valiyaprambil"]
[Black "Srikanth, Myakala"]
[Result "1-0"]
[WhiteElo "1388"]
[BlackElo "1453"]
[PlyCount "121"]
[EventDate "2019.01.13"]
[EventType "swiss"]
[EventRounds "10"]
[EventCountry "IND"]
[SourceTitle "EXT 2024"]
[Source "ChessBase"]
[SourceDate "2023.10.10"]
[SourceVersion "1"]
[SourceVersionDate "2023.10.10"]
[SourceQuality "1"]

1. e4 e6 2. d4 d5 3. e5 c5 4. c3 Nc6 5. Nf3 Qb6 6. Bd3 Bd7 7. 0-0 cxd4 8. cxd4 Nxd4 9. Nxd4 Qxd4 10. Nc3 Bc6 11. Nb5 Qxe5 12. Re1 Qb8 13. Qh5 g6 14. Qg4 f5 15. Qd4 Kf7 16. Bf4 Bg7 17. Qb4 e5 18. Nd6+ Ke6 19. Bxe5 Bxe5 20. Rxe5+ Kd7 21. Nf7 Qf8 22. Qxf8 Rxf8 23. Nxh8 Nf6 24. Nxg6 hxg6 25. f3 Kd6 26. Re2 d4 27. Rae1 Bd5 28. b3 Nh5 29. Rd2 Nf4 30. Bf1 Ne6 31. Rc1 a6 32. Kf2 g5 33. Bd3 g4 34. h4 gxh3 35. gxh3 Ng5 36. f4 Nf3 37. Rdd1 Ke6 38. Bc4 Nh4 39. Rxd4 Bxc4 40. Re1+ Kf6 41. Rd6+ Kf7 42. bxc4 Rg8 43. Rd7+ Kf6 44. Rg1 Rc8 45. Rc1 Rg8 46. Rh7 Ng6 47. Kf3 Rd8 48. Rc3 Rd4 49. Rxb7 Rxf4+ 50. Kg3 Rd4 51. c5 f4+ 52. Kf2 Rd2+ 53. Kf1 Rxa2 54. c6 Kf5 55. Rf7+ Ke6 56. Rg7 Ra1+ 57. Ke2 Ra2+ 58. Kd1 Ra1+ 59. Kc2 Ne7 60. Rxe7+ Kxe7 61. c7 1-0